00503 2200205 4500001002100000005001500021008004100036020002200077035001900099041000700118082001000125090001600135100001400151245002500165250001600190260003200206300003800238500001000276650001100286INLIS00000000000125020241224112320241224||||||||| | ||| |||| || |  a978-979-769-285-8 0010-1224001250 aid0 a401.9 a401.9 ARI n0 aArifuddin00aNeuropsikolinguistik aEd. Pertama aJakartabRajaGrafindoc2010 axiii, 346 hlm. : ilus, ; 20,5 cm. aCet.1 0aBahasa